[Event "Open"]
[Site "Moscow RUS"]
[Date "2009.02.01"]
[Round "2"]
[White "Siritsa,D"]
[Black "Fedorov,Alex"]
[Result "1-0"]
[WhiteElo "2327"]
[BlackElo "2619"]

1.e4 c5 2.Nf3 Nc6 3.Nc3 g6 4.d4 cxd4 5.Nxd4 Bg7 6.Be3 Nf6 7.Be2 O-O 8.Nb3 d6
9.f4 b6 10.g4 Bb7 11.g5 Nd7 12.Qd2 Rc8 13.h4 Na5 14.Bd4 e5 15.fxe5 Nc4 16.Bxc4 Rxc4
17.exd6 Ne5 18.Bxe5 Bxe5 19.O-O-O Bxc3 20.bxc3 Bxe4 21.Rhf1 Qd7 22.Rf4 Bd5
23.Rxc4 Bxc4 24.Qf4 Be6 25.Nd4 Bxa2 26.Nf3 Qc6 27.Qf6 Be6 28.Rd3 Qa4 29.Ne5 Bf5
30.d7 Bxd3 31.cxd3 Qa1+ 32.Kd2 Qb2+ 33.Ke3 Qxc3 34.d8=Q Qe1+ 35.Kd4 Qb4+
36.Kd5 Qa5+ 37.Kc6  1-0

[Event "7th Gibtelecom Masters"]
[Site "Caleta ENG"]
[Date "2009.02.02"]
[Round "7"]
[White "Ribon Calabia,M"]
[Black "Mundaca,J"]
[Result "1-0"]
[WhiteElo "1864"]
[BlackElo "2105"]

1.e4 c5 2.Nc3 Nc6 3.Nf3 d6 4.d4 cxd4 5.Nxd4 Nf6 6.Bc4 e6 7.O-O Be7 8.Nxc6 bxc6
9.Kh1 O-O 10.f4 Rb8 11.e5 dxe5 12.fxe5 Qxd1 13.Nxd1 Nd5 14.a3 Rb6 15.Bd3 Ba6
16.c4 Rb3 17.Rf3 Rfb8 18.Bd2 g6 19.cxd5 Bxd3 20.d6 Bd8 21.Bc3 Be2 22.Rf2 Ba6
23.Rf4 c5 24.Nf2 Bb7 25.Ne4 Bd5 26.Raf1 Rxb2 27.Bxb2 Rxb2 28.R4f2 Rxf2 29.Nxf2 f5
30.Nd3 Bb6 31.Rc1 c4 32.Nf4 Kf7 33.Rd1 c3 34.Rc1 Be3 35.Rxc3 Bxf4 36.Rc7+ Ke8
37.Rxa7 Bxe5 38.Rxh7 Bxd6 39.Rg7 Bxa3 40.Rxg6 Kf7 41.Rg3 Bd6 42.Rc3 e5 43.Kg1 e4
44.g3 Kf6 45.Kf2 Be5 46.Rc8 Bd4+ 47.Ke2 Bf7 48.Rf8 Bc5 49.Rc8 Bh5+ 50.Kf1 Bd4
51.h3 Bf3 52.Rf8+ Ke6 53.Ke1 Bg2 54.h4 Bf3 55.Kf1 Bg4 56.Ke1 Kd5 57.h5 e3
58.Rd8+ Ke4 59.Rxd4+ Kxd4 60.h6 f4 61.h7 fxg3 62.h8=Q+ Ke4 63.Qf6 Bf5 64.Qg5 g2
65.Qxg2+ Kd4 66.Qg5 Be4 67.Qf4  1-0

[Event "Open A"]
[Site "Moscow RUS"]
[Date "2009.02.02"]
[Round "3"]
[White "Nikolenko,O"]
[Black "Kashlinskaya,A"]
[Result "1-0"]
[WhiteElo "2511"]
[BlackElo "2303"]

1.e4 c5 2.Nc3 Nc6 3.Nge2 g6 4.d4 cxd4 5.Nxd4 Bg7 6.Be3 d6 7.Qd2 Nf6 8.f3 O-O
9.Bc4 Bd7 10.Bb3 Rc8 11.O-O-O Ne5 12.Kb1 a6 13.h4 h5 14.Bh6 Nc4 15.Bxc4 Rxc4
16.Bxg7 Kxg7 17.Nd5 e5 18.Nb3 Nxd5 19.Qxd5 Rc6 20.Na5 Rb6 21.c4 Rb4 22.a3 Be6
23.Qxd6 Qxd6 24.Rxd6 Ra4 25.Nxb7 Bxc4 26.Rc1 Rc8 27.Rc3 Rc7 28.Rb6  1-0

[Event "FINEC GM"]
[Site "St Petersburg RUS"]
[Date "2009.02.02"]
[Round "7"]
[White "Matlakov,M"]
[Black "Brodsky,M"]
[Result "1/2-1/2"]
[WhiteElo "2487"]
[BlackElo "2518"]

1.e4 c5 2.Nf3 Nc6 3.Nc3 Nf6 4.Bb5 Qc7 5.O-O Nd4 6.Bc4 e6 7.h3 a6 8.a4 Be7
9.d3 O-O 10.Ba2 Nc6 11.Re1 d6 12.Ne2 b5 13.Ng3 Bb7 14.c3 b4 15.Bg5 bxc3 16.bxc3 Rac8
17.Rc1 Qd8 18.Bb1 Ne5 19.Nxe5 dxe5 20.Ba2 Bc6 21.Bc4 Ra8 22.Re2 Nd7 23.Bxe7 Qxe7
24.a5 Bb5 25.Bxb5 axb5 26.Ra1 Ra6 27.Rb2 Rb8 28.Qb1 b4 29.Nf1 Rb5 30.Ne3 Rbxa5
31.Rxa5 Rxa5 32.cxb4 cxb4 33.Rxb4 Ra1 34.Qxa1  1/2-1/2

[Event "7th Gibtelecom Masters"]
[Site "Caleta ENG"]
[Date "2009.02.04"]
[Round "9"]
[White "Carlsson,P"]
[Black "Capo Vidal,U"]
[Result "1/2-1/2"]
[WhiteElo "2509"]
[BlackElo "2336"]

1.e4 c5 2.Nf3 Nc6 3.Nc3 Nf6 4.d4 cxd4 5.Nxd4 e5 6.Ndb5 d6 7.Bg5 a6 8.Na3 b5
9.Nd5 Be7 10.Bxf6 Bxf6 11.c4 b4 12.Nc2 Rb8 13.Be2 Bg5 14.O-O O-O 15.b3 a5
16.Bf3 Be6 17.Qd3 Qd7 18.Rad1 Rbd8 19.Qe2 Qa7 20.Nde3 g6 21.Rd3 Rd7 22.Rfd1 Qc5
23.Bg4 f5 24.exf5 gxf5 25.Rd5 Bxd5 26.Rxd5 Bxe3 27.fxe3 Qa7 28.Bxf5 Rdd8
29.Rd1 Kh8 30.Be4 Ne7 31.Qh5 Ng8 32.Bf5 Nf6 33.Qh6 Qf7 34.Rf1 Qh5 35.Qxh5 Nxh5
36.g4 Nf6 37.e4 Nd7 38.Rf3 Kg7 39.h4 Nc5 40.Kg2 Ra8 41.a4 bxa3 42.Nxa3 Rfb8
43.Nb5 Rxb5 44.cxb5 Rb8 45.g5 Rxb5 46.h5 h6 47.Bg6 Rb7 48.gxh6+ Kxh6 49.Rf6 Kg5
50.Rxd6 Rxb3  1/2-1/2

[Event "7th Gibtelecom Masters"]
[Site "Caleta ENG"]
[Date "2009.02.05"]
[Round "10"]
[White "Compton,A"]
[Black "White,Mi"]
[Result "0-1"]
[WhiteElo "2079"]
[BlackElo "2252"]

1.e4 c5 2.Nc3 Nc6 3.Bb5 Nd4 4.Bc4 a6 5.d3 e6 6.Nge2 b5 7.Bb3 g6 8.Nxd4 cxd4
9.Ne2 Bg7 10.O-O Ne7 11.f4 O-O 12.c3 dxc3 13.bxc3 f5 14.e5 Bb7 15.Qe1 Kh8
16.Qg3 Rg8 17.Kh1 Nc6 18.Ng1 g5 19.Qxg5 Bxe5 20.Qxd8 Nxd8 21.Nf3 Bxc3 22.Rb1 Nf7
23.Be3 Bf6 24.Rbc1 Rac8 25.Kg1 a5 26.a4 Bc6 27.axb5 Bxb5 28.Rfd1 Rxc1 29.Rxc1 a4
30.Ba2 Bc6 31.Kf2 Rb8 32.Bxe6 Rb2+ 33.Nd2 Nd6 34.Ke1 a3 35.Bc5 Nb5 36.Bxf5 a2
37.g4 Bc3 38.Rxc3 a1=Q+  0-1

[Event "Open A"]
[Site "Moscow RUS"]
[Date "2009.02.05"]
[Round "6"]
[White "Areshchenko,A"]
[Black "Sveshnikov,E"]
[Result "1-0"]
[WhiteElo "2673"]
[BlackElo "2535"]

1.e4 c5 2.Nf3 Nc6 3.Nc3 e5 4.Bc4 Be7 5.d3 d6 6.O-O Nf6 7.Ng5 O-O 8.f4 exf4
9.Bxf4 h6 10.Nf3 Be6 11.Nd5 Bxd5 12.Bxd5 Nxd5 13.exd5 Nd4 14.Nd2 Bg5 15.c3 Nf5
16.Bxg5 Qxg5 17.Ne4 Qg6 18.Rf3 Rae8 19.Qa4 b5 20.Qa6 Re5 21.Qxb5 Rxd5 22.Raf1 Qe6
23.Qc4 Rd8 24.b3 Re5 25.Qxe6 fxe6 26.h3 d5 27.Nxc5 d4 28.Ne4 dxc3 29.Nxc3 Ne3
30.Re1 Rxd3 31.Na4 g5 32.Rf2 Ng4 33.Rff1 Ne3 34.Re2 Nxf1 35.Rxe5 Ne3 36.Rxe6 Kf7
37.Re4 Nd5 38.Re2 g4 39.hxg4 Nf6 40.Nb2 Rd4 41.Nc4 Nxg4 42.Ne5+ Kf6 43.Nxg4+ Rxg4
44.Rc2 a5 45.Rc6+ Kg7 46.Rc5 a4 47.Rc4  1-0

[Event "TCh-NED 2008-9"]
[Site "Netherlands NED"]
[Date "2009.02.07"]
[Round "5"]
[White "Zagema,W"]
[Black "Bolwerk,P"]
[Result "1-0"]
[WhiteElo "2322"]
[BlackElo "2282"]

1.e4 c5 2.Nc3 Nc6 3.Bb5 Nd4 4.Bc4 g6 5.Nce2 Bg7 6.c3 Nxe2 7.Nxe2 d6 8.O-O Nf6
9.d3 O-O 10.a4 d5 11.exd5 Nxd5 12.a5 e5 13.Qb3 Nc7 14.f4 exf4 15.Nxf4 Rb8
16.Be3 Qd6 17.Ne2 Be6 18.Ng3 Bxc4 19.Qxc4 Ne6 20.Ne4 Qe5 21.Rae1 b6 22.Bd2 b5
23.Qa2 Qc7 24.Nf6+ Kh8 25.d4 cxd4 26.cxd4 Qd8 27.d5 Nc7 28.Bc3 b4 29.Be5 Rb7
30.d6 Ne6 31.Qd5 Qa8 32.Qc4 Qc8 33.Qh4 Qc5+ 34.Kh1 h5 35.a6 Rb5 36.Nd7 Qc8
37.Bxg7+ Nxg7 38.Nxf8 Qxf8 39.Re7 Nf5 40.Qf6+ Kg8 41.Rd7 Rb8 42.Rxf5 gxf5
43.Rxa7 Re8 44.Re7 Rc8 45.h4 Rc1+ 46.Kh2 Rd1 47.Qg5+  1-0

[Event "14th HIT Open"]
[Site "Nova Gorica SLO"]
[Date "2009.02.07"]
[Round "9"]
[White "Gombac,Jan"]
[Black "Cebalo,M"]
[Result "1/2-1/2"]
[WhiteElo "2293"]
[BlackElo "2509"]

1.e4 c5 2.Nc3 Nc6 3.Bb5 Nd4 4.Nf3 a6 5.Bc4 e6 6.d3 d6 7.Nxd4 cxd4 8.Ne2 b5
9.Bb3 Qb6 10.O-O Nf6 11.Kh1 Be7 12.Bg5 h6 13.Bxf6 Bxf6 14.f4 h5 15.f5 exf5
16.Bd5 Ra7 17.exf5 Qc5 18.Be4 Re7 19.Nf4 Bxf5 20.Nd5 Bxe4 21.dxe4 Rxe4 22.Qf3 Qxd5
23.Rae1 O-O 24.Rxe4 Be5 25.a3 g6 26.Re2 Qxf3 27.gxf3 Rc8 28.f4 Bf6 29.Kg2 Kg7
30.Rf3 Rc5 31.Rd3 Rf5 32.Rf3 Kf8 33.Re4 Rc5 34.Re2 Kg7 35.Rd3 Kh6 36.Rf3 a5
37.Rd2 a4 38.Re2 Kg7 39.Rd3 Kf8 40.Rd1 Rf5 41.Rf1 b4 42.axb4 Rb5 43.Ra1 Rxb4
44.Ra2 Kg7 45.Kf3 d5 46.Rd2 Be7 47.Rd3 Bc5 48.b3 axb3 49.cxb3 Bb6 50.Ra8 Kf6
51.Rb8 Kf5 52.h3 f6 53.Rb7 Rb5  1/2-1/2

[Event "Open A"]
[Site "Moscow RUS"]
[Date "2009.02.08"]
[Round "9"]
[White "Popov,Iv RUS"]
[Black "Zvjaginsev,V"]
[Result "1-0"]
[WhiteElo "2541"]
[BlackElo "2636"]

1.e4 c5 2.Nf3 Nc6 3.Nc3 d6 4.d4 cxd4 5.Nxd4 Nf6 6.Bc4 e6 7.Be3 Be7 8.Qe2 Bd7
9.Bb3 Rc8 10.f4 Qa5 11.O-O O-O 12.Kh1 Qh5 13.Qxh5 Nxh5 14.Ndb5 a6 15.Nxd6 Bxd6
16.Rad1 Bxf4 17.Bxf4 Nxf4 18.Rxd7 Ne5 19.Rxb7 g5 20.Ra7 h6 21.Rxa6 Rcd8 22.Ra5 Ng4
23.h3 Ne3 24.Rf2 Nd1 25.Nxd1 Rxd1+ 26.Kh2 Rfd8 27.c4 R1d2 28.Ra8 Rxf2 29.Rxd8+ Kg7
30.c5 Rxg2+ 31.Kh1 h5 32.Rd1 Rg3 33.c6 Rxh3+ 34.Kg1 g4 35.c7 Rg3+ 36.Kf2 Rf3+
37.Ke1 g3 38.c8=Q g2 39.Qc5  1-0

[Event "ch-CZE Juniors"]
[Site "Decin CZE"]
[Date "2009.02.11"]
[Round "2"]
[White "Svoboda,V2"]
[Black "Vlasak,Lu"]
[Result "1/2-1/2"]
[WhiteElo "2288"]
[BlackElo "2163"]

1.e4 c5 2.Nc3 Nc6 3.Nge2 Nf6 4.d4 cxd4 5.Nxd4 e5 6.Ndb5 d6 7.Bg5 a6 8.Na3 b5
9.Nd5 Be7 10.Bxf6 Bxf6 11.c3 Bg5 12.Nc2 Ne7 13.a4 bxa4 14.Nxe7 Qxe7 15.Rxa4 O-O
16.Bc4 a5 17.O-O Rb8 18.b3 Qc7 19.Qd3 Bd7 20.Ra2 Be6 21.Rfa1 Bxc4 22.bxc4 Rfc8
23.Ra4 Rb2 24.g3 h5 25.h4 Bd8 26.Ne3 Qc5 27.R4a2 Rcb8 28.Qd5 Rxa2 29.Rxa2 Qb6
30.Kg2 g6 31.Qd3 Qc5 32.Nd5 Rc8 33.Ra4 Rb8 34.Ra2 Rc8 35.Rb2 Kg7 36.Qf3  1/2-1/2

[Event "ch-CZE Juniors"]
[Site "Decin CZE"]
[Date "2009.02.12"]
[Round "3"]
[White "Vlasak,Lu"]
[Black "Havlikova,K"]
[Result "1-0"]
[WhiteElo "2163"]
[BlackElo "2172"]

1.e4 c5 2.Nc3 Nc6 3.Nf3 g6 4.Bb5 Bg7 5.Bxc6 dxc6 6.d3 e5 7.Be3 b6 8.h3 Qe7
9.O-O Nf6 10.Qd2 Nd7 11.Nh2 Nf8 12.Ne2 Ne6 13.Rae1 g5 14.Ng3 Qd8 15.Nh5 Rg8
16.Nf3 Bh8 17.Ng3 Nf4 18.b4 cxb4 19.Qxb4 Qf6 20.Nh2 h5 21.d4 exd4 22.e5 Qe7
23.Qxd4 Nd5 24.Qe4 Bd7 25.Bd4 O-O-O 26.a4 g4 27.hxg4 hxg4 28.a5 Kb7 29.Rb1 f5
30.exf6 Qxe4 31.Nxe4 b5 32.c4 Bf5 33.Nc5+ Kc8 34.cxd5 Bxb1 35.Rxb1 Rxd5 36.f7 Rf8
37.Ne6 Bxd4 38.Nxf8 g3 39.Ne6 gxh2+ 40.Kh1 Bc5 41.Nxc5 Rf5 42.Ne4  1-0

[Event "58th ch-BUL w"]
[Site "Dupnitsa BUL"]
[Date "2009.02.13"]
[Round "1"]
[White "Petkova,V"]
[Black "Gradevska,D"]
[Result "1-0"]
[WhiteElo "1964"]
[BlackElo "1721"]

1.e4 c5 2.Nf3 Nc6 3.Nc3 g6 4.d4 cxd4 5.Nxd4 Bg7 6.Be3 d6 7.Qd2 Nf6 8.f3 O-O
9.O-O-O Qa5 10.Nb3 Qc7 11.Bh6 Be6 12.h4 a5 13.a4 Nb4 14.Nd4 Rfc8 15.Bxg7 Kxg7
16.h5 Nxh5 17.g4 Nf6 18.Qh6+ Kg8 19.Be2 Bc4 20.g5 Nh5 21.Rxh5 gxh5 22.Nf5  1-0

[Event "FSGM February"]
[Site "Budapest HUN"]
[Date "2009.02.15"]
[Round "9"]
[White "Szalanczy,E"]
[Black "Paschall,W"]
[Result "0-1"]
[WhiteElo "2336"]
[BlackElo "2354"]

1.e4 c5 2.Nf3 Nc6 3.Nc3 d6 4.d4 cxd4 5.Nxd4 Nf6 6.Bg5 e6 7.f4 Bd7 8.Qd3 Qb6
9.O-O-O a6 10.Be2 Rc8 11.Nxc6 Bxc6 12.Bxf6 gxf6 13.Bh5 Rc7 14.f5 Kd8 15.Rhf1 Qc5
16.a4 Kc8 17.Kb1 Qe5 18.Qd4 Qxd4 19.Rxd4 Rg8 20.Rfd1 Kb8 21.g4 Rd7 22.b4 b5
23.axb5 axb5 24.Kb2 Kc7 25.h3 Bh6 26.Ra1 Rb8 27.Kb3 Bf4  0-1

[Event "58th ch-BUL w"]
[Site "Dupnitsa BUL"]
[Date "2009.02.16"]
[Round "4"]
[White "Sirkova,D"]
[Black "Chilingirova,P"]
[Result "1/2-1/2"]
[WhiteElo "1942"]
[BlackElo "2155"]

1.e4 c5 2.Nc3 Nc6 3.Bb5 Nd4 4.Ba4 a6 5.Bb3 e6 6.Nf3 Nxb3 7.axb3 d6 8.d4 cxd4
9.Qxd4 Bd7 10.O-O Bc6 11.Rd1 Nf6 12.e5 Bxf3 13.exf6 e5 14.Qa4+ Bc6 15.fxg7 Bxg7
16.Qg4 Qf6 17.Ne4 Bxe4 18.Qxe4 Qe7 19.Ra5 O-O 20.Rad5 Rfd8 21.R1d3 Qe6 22.Qb4 e4
23.Rd1 Be5 24.Qxb7 Rdb8 25.Qc7 Rc8 26.Qb7 f5 27.Ra5 Rab8 28.Qa7 f4 29.Rxa6 Qg6
30.Qd7 Rxc2 31.Rc6 Rxc6 32.Qxc6 Kh8 33.Re1 Rxb3 34.Qxe4 Qxe4 35.Rxe4 Rd3
36.Re1 Kg7 37.h3 Kf6 38.b4 Bc3 39.Rf1 Kf5 40.b5 Bd4 41.Be3 Bxe3 42.fxe3 Rxe3
43.Rb1 Re7 44.b6 Rb7 45.Kf2 Ke4 46.Rb4+ Kd5 47.Kf3 Kc5 48.Rb1 Rxb6 49.Rxb6 Kxb6
50.Kxf4 Kc5 51.Ke3 d5 52.g4 d4+ 53.Kd3 Kd5 54.h4 Ke5 55.g5 Kf4 56.Kxd4 Kg4  1/2-1/2

[Event "58th ch-BUL w"]
[Site "Dupnitsa BUL"]
[Date "2009.02.18"]
[Round "7"]
[White "Vladimirova,M"]
[Black "Gradevska,D"]
[Result "1/2-1/2"]
[WhiteElo "2062"]
[BlackElo "1721"]

1.e4 c5 2.Nf3 Nc6 3.Nc3 d6 4.d4 cxd4 5.Nxd4 Nf6 6.Be2 e5 7.Nf3 Qb6 8.O-O Be7
9.Be3 Qxb2 10.Nb5 O-O 11.a3 Nxe4 12.Qd3 Nc5 13.Bxc5 dxc5 14.Qe4 g6 15.g4 a6
16.Rfb1 Qxb1+ 17.Rxb1 axb5 18.Bxb5 Rxa3 19.Nxe5 Nd4 20.Bc4 Be6 21.Bxe6 fxe6
22.Rxb7 Bh4 23.f4 Ra1+ 24.Kg2 Re1 25.Qd3 Rxf4 26.Rb8+ Kg7 27.Rb7+ Kg8 28.c3 Rxe5
29.cxd4 Rxg4+ 30.Kh3 Rxd4 31.Qf3 Rf5 32.Qc6 Rf7 33.Qe8+ Rf8 34.Qxe6+ Kh8
35.Qe5+ Bf6 36.Qxc5 Rd3+ 37.Kg2 Bg7 38.Qc7 Rg8 39.Qf7 Rd2+ 40.Kh3 Rd3+ 41.Kg2 Rd2+
42.Kh3 g5 43.Qf5 h6 44.Rd7 Rb2 45.Qd5 Rbb8 46.Kg4 Rb4+ 47.Kh5 Rd4 48.Qe6 Rh4+
49.Kg6 Rxh2 50.Qxg8+ Kxg8 51.Rxg7+ Kf8 52.Rf7+ Ke8 53.Rh7 g4 54.Kf5 h5 55.Kf4 Rh3
56.Ra7 Rf3+ 57.Ke4 Kf8 58.Rh7 Rb3 59.Rxh5 Ke7 60.Kf4 Rb4+ 61.Kg3 Kf6 62.Rc5 Rd4
63.Rb5 Kg6 64.Ra5 Re4 65.Rb5 Rc4 66.Ra5 Re4 67.Rb5  1/2-1/2

[Event "ch-VIE Stage1"]
[Site "Ha Noi VIE"]
[Date "2009.02.18"]
[Round "5"]
[White "Hoang Canh Huan"]
[Black "Nguyen Duc Hoa"]
[Result "1/2-1/2"]
[WhiteElo "2378"]
[BlackElo "2342"]

1.e4 c5 2.Nc3 Nc6 3.Bb5 Nd4 4.Nf3 g6 5.Bc4 Bg7 6.Nxd4 cxd4 7.Qf3 Nh6 8.Ne2 d6
9.d3 O-O 10.h3 Be6 11.O-O Qc8 12.b3 Bd7 13.Bg5 e6 14.Qf4 b5 15.Bxh6 e5 16.Qh4 bxc4
17.bxc4 Bxh6 18.Qxh6 f5 19.exf5 Rxf5 20.Ng3 Rf4 21.Ne4 Bc6 22.f3 Qc7 23.Qg5 Raf8
24.Rae1 R8f5 25.Qg3 Qe7 26.Re2 Bxe4 27.Rxe4 Rxe4 28.fxe4 Rxf1+ 29.Kxf1 Qb7
30.Ke2 Qb2 31.Qg5 Qxc2+ 32.Qd2 Qb1 33.Qa5 Kg7 34.Qxa7+ Kf6 35.Qa5 Qg1 36.Qd8+ Kg7
37.Qe7+ Kg8 38.Qg5 Kf7 39.a4 Qa1 40.Qh6 Kg8 41.Qg5 Kf7 42.Qd8 Qxa4 43.Qc7+ Ke6
44.Qc8+ Ke7 45.Qc7+ Ke8 46.Qc8+ Kf7 47.Qc7+ Ke8 48.Qc8+ Kf7 49.Qc7+ Ke6 50.Qc8+ Ke7
51.Qc7+  1/2-1/2

[Event "Masters"]
[Site "Bunratty IRL"]
[Date "2009.02.20"]
[Round "1"]
[White "Wallace,P"]
[Black "Sreeves,C"]
[Result "1-0"]
[WhiteElo "2253"]
[BlackElo "1982"]

1.e4 c5 2.Nc3 Nc6 3.Nf3 g6 4.d4 cxd4 5.Nxd4 Bg7 6.Be3 Nf6 7.Nb3 O-O 8.Be2 d6
9.O-O Be6 10.f4 Rc8 11.g4 Na5 12.Bd4 Nc4 13.f5 Bd7 14.g5 Nxb2 15.Qc1 Nxe4
16.Bxg7 Nxc3 17.Bxc3 Rxc3 18.Qxb2 Qb6+ 19.Rf2 Rfc8 20.fxg6 hxg6 21.Rf1 Bf5
22.Bd3 Bxd3 23.cxd3 Rxd3 24.Qe2 Re3 25.Qd2 Rc4 26.Qd5 Rg4+ 27.Kh1 e6 28.Rxf7 Rg1+
29.Kxg1 Rf3+ 30.Qd4 Rxf7 31.Qxb6 Rxf1+ 32.Kxf1 axb6 33.Nd4 Kf7 34.Nb5 Ke7
35.Kf2 e5 36.Kf3 Ke6 37.h4 d5 38.Kg4 d4 39.h5 gxh5+ 40.Kxh5 Kf7 41.g6+ Kg7
42.Nd6  1-0

[Event "69th Noteboom Mem GpA"]
[Site "Leiden NED"]
[Date "2009.02.20"]
[Round "1"]
[White "Nijboer,F"]
[Black "Van Veen,M"]
[Result "1-0"]
[WhiteElo "2560"]
[BlackElo "1899"]

1.e4 c5 2.Nf3 Nc6 3.Nc3 g6 4.d4 cxd4 5.Nxd4 Bg7 6.Be3 Nf6 7.Bc4 O-O 8.Bb3 a5
9.O-O d6 10.Ndb5 Be6 11.Qe2 Bxb3 12.axb3 Qc8 13.Rad1 Ng4 14.Bc1 Nb4 15.Na4 Ra6
16.c3 Nc6 17.f3 Nge5 18.Be3 Nd7 19.Rd2 f5 20.exf5 Rxf5 21.Rfd1 h6 22.c4 Kh7
23.Qf2 b6 24.Bxb6 Nxb6 25.Nxb6 Qb7 26.Na4 Rxb5 27.cxb5 Qxb5 28.Qe2 Qxe2 29.Rxe2  1-0

[Event "58th ch-BUL w"]
[Site "Dupnitsa BUL"]
[Date "2009.02.21"]
[Round "10"]
[White "Sirkova,D"]
[Black "Videnova,I"]
[Result "1-0"]
[WhiteElo "1942"]
[BlackElo "2193"]

1.e4 c5 2.Nc3 Nc6 3.Bb5 Nd4 4.Ba4 a6 5.Bb3 e6 6.Nf3 b5 7.Nxd4 cxd4 8.Ne2 Bc5
9.d3 Ne7 10.O-O O-O 11.Ng3 Kh8 12.Qh5 Qc7 13.Bd2 Bb7 14.Rae1 f5 15.exf5 Qc6
16.f3 exf5 17.Qg5 h6 18.Qh4 Qf6 19.Qxf6 Rxf6 20.Nh5 Rff8 21.Nf4 Kh7 22.Re2 g5
23.Nh3 Ng6 24.Rfe1 Kg7 25.Nf2 g4 26.fxg4 Nh4 27.Nh1 fxg4 28.Ng3 Kg6 29.Re5 Bd6
30.Rh5 Bxg3 31.Rxh6+ Kf5 32.Rh5+ Kf6 33.Rh6+ Kf5 34.hxg3 Nxg2 35.Re2 Ne3
36.Bxe3 dxe3 37.Rxe3 Rae8 38.Rh5+ Kg6 39.Rxe8 Rxe8 40.Rc5 Re3 41.Bd5 d6 42.Bxb7 dxc5
43.Be4+ Kf6 44.Kf2 Rxe4 45.dxe4 Ke5 46.Ke3 c4 47.a3 a5 48.b4 cxb3 49.cxb3 b4
50.a4 Kd6 51.Kf4  1-0

[Event "81st ch-StP"]
[Site "St Petersburg RUS"]
[Date "2009.02.22"]
[Round "6"]
[White "Pogosian,Vl"]
[Black "Shchukin,D"]
[Result "0-1"]
[WhiteElo "2308"]
[BlackElo "2385"]

1.e4 c5 2.Nc3 Nc6 3.Nf3 Nf6 4.Bc4 e6 5.Qe2 a6 6.Bb3 d6 7.d3 Be7 8.Nd1 Na5
9.Bd2 Nxb3 10.axb3 O-O 11.b4 cxb4 12.Bxb4 e5 13.O-O Re8 14.c4 Nh5 15.Bd2 Nf4
16.Bxf4 exf4 17.Qd2 g5 18.Nc3 Bf6 19.Nd5 Be6 20.Nxf6+ Qxf6 21.Rfc1 g4 22.Ne1 Rac8
23.b4 Bd7 24.Ra5 Re5 25.Qb2 Rce8 26.f3 g3 27.hxg3 fxg3 28.Rxe5 Rxe5 29.Kf1 Qh6
30.Ke2 Qh1 31.Kd2 Qg1 32.Kc3 Rh5 33.Qd2 a5 34.Nc2 axb4+ 35.Nxb4 Qa7 36.Kb2 Qd4+
37.Qc3 Qf2+ 38.Rc2 Qb6 39.Qe1 Kf8 40.Kb1 Ra5 41.Rb2 Ra4 42.Na2 Qd4 43.Nc1 Qe5
44.Qd2 h5 45.Qh6+ Ke8 46.f4 Qd4 47.Qxh5 b5 48.Qg5 Qe3 49.cxb5 Ra1+ 50.Kxa1 Qxc1+
51.Ka2 Be6+ 52.Qd5 Bxd5+ 53.exd5 Kd8 54.Rb4 Qd2+ 55.Ka3 Kc8  0-1

[Event "ch-VIE KO"]
[Site "Ha Noi VIE"]
[Date "2009.02.23"]
[Round "1.1"]
[White "Hoang Canh Huan"]
[Black "Dao Thien Hai"]
[Result "1/2-1/2"]
[WhiteElo "2378"]
[BlackElo "2543"]

1.e4 c5 2.Nc3 Nc6 3.Bb5 e6 4.Bxc6 bxc6 5.d3 d5 6.f4 Nf6 7.Nf3 Ba6 8.e5 Nd7
9.b3 c4 10.dxc4 dxc4 11.Ne4 Nb6 12.Nd6+ Bxd6 13.exd6 O-O 14.Ne5 c5 15.Bb2 f6
16.Nc6 Qe8 17.Ne7+ Kh8 18.Qg4 Bc8 19.Nxc8 Rxc8 20.O-O Qd7 21.Rad1 cxb3 22.axb3 c4
23.Rf3 cxb3 24.cxb3 Rc2 25.Bd4 Nd5 26.f5 e5 27.Bxe5 Qc6 28.Qe4 Rc1 29.Rff1 Rc5
30.Bd4 Rb5 31.Bxa7 Qxd6 32.Rf3 Qc7 33.Bf2 Nb4 34.h3 h6 35.Qe6 Rb7 36.Bg3 Qc2
37.Rd7 Rxd7 38.Qxd7 Nc6 39.Kh2 Rd8 40.Qc7 Rd2 41.Bf2  1/2-1/2

[Event "Spring"]
[Site "Mukachevo UKR"]
[Date "2009.02.27"]
[Round "7"]
[White "Molnar,P SVK"]
[Black "Zambor,N"]
[Result "1/2-1/2"]
[WhiteElo "2285"]
[BlackElo "2308"]

1.e4 c5 2.Nc3 Nc6 3.Bb5 g6 4.Nf3 Nd4 5.Bc4 Bg7 6.Nxd4 cxd4 7.Qf3 Nf6 8.e5 dxc3
9.dxc3 O-O 10.exf6 Bxf6 11.Bh6 Qc7 12.Bxf8 Qxc4 13.Bh6 d6 14.O-O-O Bf5 15.Qxb7 Rc8
16.Qb3 Qg4 17.g3 Qf3 18.Be3 a5 19.h3 Qe4 20.a4 Be6 21.Qb5 Bf5 22.Qb3 Be6
23.Qb5 Bf5 24.Qb3 Rxc3 25.Qb5 Be6 26.Qe8+  1/2-1/2

[Event "25th Open"]
[Site "Cappelle la Grande FRA"]
[Date "2009.02.28"]
[Round "1"]
[White "Riff,JN"]
[Black "Bernard,Ch"]
[Result "1-0"]
[WhiteElo "2520"]
[BlackElo "2355"]

1.e4 c5 2.Nc3 Nc6 3.Nf3 Nf6 4.Bb5 Nd4 5.e5 Nxb5 6.Nxb5 Nd5 7.Ng5 Nc7 8.Qh5 g6
9.Qf3 f5 10.exf6 exf6 11.Nxc7+ Qxc7 12.Qxf6 Qd6 13.Qxh8 Qe7+ 14.Kd1 Qxg5
15.Re1+ Kf7 16.Qxh7+ Bg7 17.d3  1-0

[Event "25th Open"]
[Site "Cappelle la Grande FRA"]
[Date "2009.02.28"]
[Round "1"]
[White "Marholev,D"]
[Black "Korobov,A"]
[Result "0-1"]
[WhiteElo "2449"]
[BlackElo "2613"]

1.e4 c5 2.Nc3 Nc6 3.Bb5 Na5 4.Nf3 e6 5.O-O a6 6.Be2 b5 7.d4 cxd4 8.Nxd4 Bb7
9.Bf3 d6 10.Re1 Be7 11.a4 b4 12.Na2 Qb6 13.Be3 Nc4 14.Nb3 Nxe3 15.Rxe3 a5
16.c3 bxc3 17.Nxc3 Nf6 18.Nb5 O-O 19.Qd4 Qxd4 20.N3xd4 Nd7 21.e5 d5 22.Bg4 Rfd8
23.f4 Nc5 24.f5 exf5 25.Bxf5 g6 26.Bh3 Ne4 27.Rf1 Bc5 28.e6 f5 29.g4 Ba6
30.Rd3 Ng5 31.Kg2 Bxd4 32.e7 Re8 33.Rxd4 Rxe7 34.gxf5 Re2+ 35.Kg3 Ne4+ 36.Kh4 Rxh2
37.fxg6 hxg6 38.Rxd5 g5+ 39.Kh5 Rxh3+ 40.Kg6 Bb7  0-1

[Event "TCh-AUT 2nd Bundesliga Ost 2008-9"]
[Site "Austria AUT"]
[Date "2009.03.01"]
[Round "9"]
[White "Stranz,R"]
[Black "Poecksteiner,J"]
[Result "1/2-1/2"]
[WhiteElo "2253"]
[BlackElo "2169"]

1.e4 c5 2.Nc3 Nc6 3.Bb5 g6 4.Bxc6 dxc6 5.d3 Bg7 6.Nge2 e5 7.Be3 b6 8.Qd2 Nf6
9.h3 Be6 10.b3 Qe7 11.Bh6 Bxh6 12.Qxh6 Nd7 13.O-O f6 14.f4 O-O-O 15.Nd1 f5
16.exf5 Bxf5 17.Ne3 Rdf8 18.Rae1 Be6 19.fxe5 Nxe5 20.Ng3 Nf7 21.Qg7 Rhg8
22.Qf6 Qxf6 23.Rxf6 Kd7 24.Ne4 Bd5 25.Nc4 Bxc4 26.bxc4 Nd8 27.Ref1 Ke7 28.Rxf8 Rxf8
29.Rxf8 Kxf8 30.Kf2 Ke7 31.Ke3 Ne6 32.c3  1/2-1/2

[Event "25th Open"]
[Site "Cappelle la Grande FRA"]
[Date "2009.03.05"]
[Round "7"]
[White "Leon Hoyos,M"]
[Black "Vovk,Y"]
[Result "0-1"]
[WhiteElo "2542"]
[BlackElo "2546"]

1.e4 c5 2.Nc3 Nc6 3.Nf3 d6 4.d4 cxd4 5.Nxd4 Nf6 6.Bg5 e6 7.Qd2 Be7 8.O-O-O Nxd4
9.Qxd4 a6 10.f4 b5 11.Bxf6 gxf6 12.e5 d5 13.Be2 Rg8 14.Rhe1 f5 15.Bh5 b4
16.Na4 Qa5 17.b3 Bd7 18.Qb6 Qxb6 19.Nxb6 Ra7 20.Nxd5 exd5 21.e6 Bxe6 22.Rxe6 Rxg2
23.Rxd5 Rxh2 24.Rxf5 Rxh5 25.Rxe7+ Kxe7 26.Rxh5 Kf6 27.Rxh7 Kf5 28.Kd2 Ke4
29.Rh6 f5 30.Rc6 Kxf4 31.c3 a5 32.Ke2 bxc3 33.Rxc3 Rh7 34.Rf3+ Kg4 35.Ke3 Re7+
36.Kf2 f4 37.Rc3 Rd7 38.Rc2 Rh7 39.Kg1 Kg3 40.Rc5 Rd7 41.Kf1 Rd2 42.Rxa5 Rb2
43.Ra8 Rb1+ 44.Ke2 f3+ 45.Ke3 Re1+ 46.Kd4 f2 47.Rg8+ Kh4 48.Rf8 f1=Q 49.Rxf1 Rxf1
50.a4 Kg5 51.a5 Kf6 52.Kc5 Ke7 53.Kc6 Kd8 54.Kb7 Rf7+ 55.Kb8 Rf5 56.a6 Rb5+
57.Ka8 Kc7 58.a7 Rh5  0-1

[Event "25th Open"]
[Site "Cappelle la Grande FRA"]
[Date "2009.03.05"]
[Round "7"]
[White "Zubarev,Al1"]
[Black "Sveshnikov,E"]
[Result "0-1"]
[WhiteElo "2566"]
[BlackElo "2535"]

1.e4 c5 2.Nf3 Nc6 3.Nc3 e5 4.Bc4 Be7 5.d3 d6 6.O-O Nf6 7.Ng5 O-O 8.f4 exf4
9.Bxf4 h6 10.Nf3 Be6 11.Nd5 Nb4 12.Nxe7+ Qxe7 13.Bxe6 fxe6 14.e5 Nfd5 15.exd6 Qd7
16.Bd2 Qxd6 17.a3 Nc6 18.Qe2 Rf6 19.Qe4 Raf8 20.Rae1 R8f7 21.g3 Qf8 22.Kg2 Nd4
23.Nxd4 Rxf1 24.Rxf1 Rxf1 25.Nf3 Rd1 26.Qxe6+ Qf7 27.Qc8+ Kh7 28.Qxc5 Qe6
29.c4 Nf6 30.Qe3 Qxe3 31.Bxe3 Rxd3 32.Bxa7 Ng4 33.Bd4 Ne3+ 34.Kf2 Nxc4 35.Ke2 Rb3
36.Nd2 Nxd2 37.Kxd2 g5 38.Bc3 Kg6 39.g4 Kf7 40.Kd3 Rb6 41.a4 Ke6 42.a5 Rc6
43.Kd4 Kd7 44.b4 Rf6 45.Kc5 Rf4 46.b5 Rxg4 47.a6 bxa6 48.bxa6 Kc8 49.Be5 h5
50.Kb6 Rb4+ 51.Kc6 Ra4 52.Kb6 h4 53.h3 g4 54.a7 gxh3 55.Bh2 Ra2 56.Bf4 Kd7
57.Bb8 Ke6 58.Kb7 Kf5  0-1

[Event "75th Ann Karaganda City"]
[Site "Karaganda KAZ"]
[Date "2009.03.06"]
[Round "8"]
[White "Serikbaev,Y"]
[Black "Khusnutdinov,R"]
[Result "0-1"]
[WhiteElo "2325"]
[BlackElo "2483"]

1.e4 c5 2.Nf3 Nc6 3.Nc3 d6 4.d4 cxd4 5.Nxd4 e5 6.Nf3 Nf6 7.Bg5 Be7 8.Bxf6 Bxf6
9.h3 Be6 10.Be2 O-O 11.O-O Ne7 12.Nh2 Qb6 13.Qd2 Rac8 14.Rab1 h6 15.Bd3 Bg5
16.Qe2 Ng6 17.Ng4 Nf4 18.Qf3 g6 19.Kh2 f5 20.Ne3 fxe4 21.Qxe4 Qc6 22.Qxc6 bxc6
23.Kg1 d5 24.Na4 c5 25.Ba6 Rc6 26.Bb5 Rc7 27.h4 Bd8 28.g3 Nh5 29.Rbd1 d4
30.Ng2 Kh7 31.c4 Bc8 32.b4 a6 33.Nxc5 axb5 34.cxb5 Rf6 35.a4 Bg4 36.Ra1 Rb6
37.Rfc1 Nf6 38.Ne1 Nd5 39.Ned3 Re7 40.Re1 Bc7 41.Kg2 Bf5 42.Rab1 Bd6 43.Rbc1 Rb8  0-1

[Event "TCh-AUT 2nd Bundesliga West 2008-9"]
[Site "Austria AUT"]
[Date "2009.03.08"]
[Round "11"]
[White "Fuchs,G"]
[Black "Dovzik,J"]
[Result "1/2-1/2"]
[WhiteElo "2210"]
[BlackElo "2374"]

1.e4 c5 2.Nc3 Nc6 3.Nge2 e6 4.b3 Nf6 5.Bb2 Be7 6.d4 cxd4 7.Nxd4 d6 8.Be2 O-O
9.O-O Qc7 10.Kh1 a6 11.f4 Bd7 12.Bf3 Rac8 13.Nce2 b5 14.Rc1 e5 15.Nxc6 Bxc6
16.c4 Bxe4 17.cxb5 Qa5 18.Rxc8 Rxc8 19.fxe5 dxe5 20.Bxe4 Nxe4 21.Qd7 Rc7
22.Qd5 Nf6 23.Qa8+ Bf8 24.Bxe5 Re7 25.Bxf6 Rxe2 26.Bxg7 Kxg7 27.Qf3 Re7 28.Qf6+ Kg8
29.Qg5+ Kh8 30.Qf6+ Kg8 31.Qg5+ Kh8 32.Qf6+  1/2-1/2